California County Seats Quiz - Statistics

General Stats
  • This quiz has been taken 28 times
  • The average score is 34 of 58
Answer Stats
County County Seat % Correct
Fresno Fresno
93%
Los Angeles Los Angeles
93%
Kern Bakersfield
87%
Napa Napa
87%
Alameda Oakland
87%
Sacramento Sacramento
87%
San Diego San Diego
87%
San Francisco San Francisco
87%
San Luis Obispo San Luis Obispo
87%
Santa Barbara Santa Barbara
87%
Ventura Ventura
87%
Madera Madera
80%
Merced Merced
80%
Riverside Riverside
80%
San Bernardino San Bernardino
80%
Santa Cruz Santa Cruz
80%
Humboldt Eureka
73%
Santa Clara San Jose
73%
Colusa Colusa
67%
Imperial El Centro
67%
Mariposa Mariposa
67%
Shasta Redding
67%
Marin San Rafael
67%
Orange Santa Ana
67%
Modoc Alturas
60%
Del Norte Crescent City
60%
Alpine Markleeville
60%
Monterey Salinas
60%
San Joaquin Stockton
60%
Sonoma Santa Rosa
53%
Lassen Susanville
53%
Mendocino Ukiah
53%
Tulare Visalia
53%
Mono Bridgeport
47%
Kings Hanford
47%
Contra Costa Martinez
47%
Stanislaus Modesto
47%
Nevada Nevada City
47%
Yolo Woodland
47%
Sutter Yuba City
47%
Solano Fairfield
40%
San Benito Hollister
40%
Amador Jackson
40%
San Mateo Redwood City
40%
Siskiyou Yreka
40%
Placer Auburn
33%
Inyo Independence
33%
Yuba Marysville
33%
Butte Oroville
33%
El Dorado Placerville
33%
Plumas Quincy
33%
Tehama Red Bluff
33%
Calaveras San Andreas
33%
Tuolumne Sonora
33%
Glenn Willows
33%
Sierra Downieville
27%
Lake Lakeport
27%
Trinity Weaverville
27%
No matching quizzes found
Score Distribution
Percent of People with Each Score
Percentile by Number Answered
Your Score History
You have not taken this quiz